000
00455nam a22001337a 4500
003
SGT
020
_a
9789393028907
082
_a
891.4309
_b
P22K
100
_a
कुमार, इला
245
_a
टूटे पंखो वाला समय : रेनर मरिया रिल्के की चुनी हुई कविताएं
260
_b
इंडिया नेटबुक्स
_c
2022
300
_a
147
942
_2
ddc
_c
BK
999
_c
30291
_d
30291